Comuni della Provincia di Belluno - Statistics

Statistiche generali
  • Questo quiz è stato fatto 363 volte
  • Il punteggio medio è 40 su 61
Statistiche sulle risposte
Risposta % Corretto
7 Belluno
96%
18 Cortina d'Ampezzo
94%
22 Feltre
90%
1 Agordo
87%
6 Auronzo di Cadore
87%
36 Ponte nelle Alpi
85%
29 Longarone
84%
35 Pieve di Cadore
82%
4 Alpago
77%
46 Santo Stefano di Cadore
77%
3 Alleghe
76%
44 San Vito di Cadore
74%
47 Sedico
74%
10 Calalzo di Cadore
72%
45 Santa Giustina
71%
21 Falcade
70%
55 Val di Zoldo
70%
9 Borgo Valbelluna
69%
27 Limana
69%
37 Quero Vas
69%
8 Borca di Cadore
68%
12 Cencenighe Agordino
68%
20 Domegge di Cadore
68%
26 Lamon
67%
33 Pedavena
67%
2 Alano di Piave
66%
5 Arsiè
66%
28 Livinallongo del Col di Lana
66%
57 Valle di Cadore
66%
11 Canale d'Agordo
65%
17 Comelico Superiore
65%
54 Tambre
65%
23 Fonzaso
63%
13 Cesiomaggiore
62%
31 Lozzo di Cadore
62%
32 Ospitale di Cadore
62%
53 Taibon Agordino
62%
25 La Valle Agordina
61%
50 Sospirolo
61%
48 Selva di Cadore
60%
59 Vodo di Cadore
59%
41 San Nicolò di Comelico
58%
30 Lorenzago di Cadore
57%
49 Seren del Grappa
57%
51 Soverzene
57%
52 Sovramonte
57%
58 Vigo di Cadore
57%
19 Danta di Cadore
55%
34 Perarolo di Cadore
55%
42 San Pietro di Cadore
55%
14 Chies d'Alpago
54%
15 Cibiana di Cadore
54%
24 Gosaldo
54%
38 Rivamonte Agordino
54%
56 Vallada Agordina
54%
61 Zoppè di Cadore
54%
39 Rocca Pietore
52%
60 Voltago Agordino
52%
16 Colle Santa Lucia
50%
40 San Gregorio nelle Alpi
49%
43 San Tomaso Agordino
45%
Nessun quiz corrispondente trovato
Distribuzione punteggi
Percentuale di utenti per punteggio
Percentile per numero di risposta
I tuoi punteggi nel tempo
Non hai fatto questo quiz